Statistiques concernant Quel record du monde ce pays détient-il?

Cliquez ici pour prendre le quiz!

Statistiques générales

  • Ce quiz a été pris 111 fois
  • Le résultat moyen est 2 sur 6

Statistiques - réponses

QuestionRéponse% Correct
La Suede a...le pourcentage le plus élevé de la population de voir la religion comme sans importance dans la vie quotidienne
56%
Le Togo a...le plus petit nombre de véhicules par habitant
48%
Le Vatican a...le plus d'officiers de police par habitant
43%
Le Bahrain...produit le moins de pommes de terre par an
17%
La Suisse a...le plus haut index Big Mac
10%
La Belgique a...la plus grande quantité de frontières terrestres uniques avec d'autres pays
9%

Distribution des résultats

Percentile par nombre de réponses

% des personnes avec chaque résultat

Votre développement - résultats

Vous n’avez pas pris ce quiz